| 000 | 00555nam a22001817a 4500 | ||
|---|---|---|---|
| 005 | 20150923150734.0 | ||
| 010 | _aENG-113731 | ||
| 020 |
_a9788192881287 _c275.00 |
||
| 035 | _aEN- 97263 | ||
| 037 | _bDBAD/PUB | ||
| 082 | _a540.3 | ||
| 245 |
_aDictionary of chemistry / _cedited & compiled by Tejwani Talwar |
||
| 260 |
_aGreater Noida _bNucleus Books & Encyclopedia _c2015 |
||
| 270 |
_a2nd Floor, B-31, Pocket P3 _bGreater Noida _e201308 |
||
| 300 |
_a216p. _c22cm(pbk) |
||
| 700 | _aTalwar, Tejwani | ||
| 942 |
_2ddc _cEN _mDIC _h540.3 |
||
| 999 |
_c95334 _d95334 |
||